000 00497nam a2200181Ia 4500
005 20250326124505.0
008 250326s9999 xx 000 0 und d
037 _aTextbook
040 _aFMSL
_beng
_cFMSL
041 _aeng
_2eng
084 _aX:8 K4;1
_qFMSL
100 _aUrwick L
_9121210
245 0 _aMaking of scientific management
_cUrwick L; Brech E F L
260 _aLondon
_bLondon, Pitman
_c1964
300 _a241p
942 _cTB
_hX:8 K4;1
999 _c1273925
_d1273925